000 00502nam a22001697a 4500
003 OSt
005 20251024015312.0
008 251024b |||||||| |||| 00| 0 eng d
040 _aDWC - Main Lib
_cOC
082 _aFil. 220.9 W682d 2013
100 _aWhite, Ellen G.
245 _aThe desire of ages
_cEllen G. white
260 _aManila, Philippines :
_bPhilippine Publishing Inc.,
_c c2013
300 _a664 pages:
_billustrations;
_c23 cm.
650 _aReligion.
942 _2ddc
_cBK - FIL
_kFil.
_n0
999 _c5084
_d5084